Basic overview of Slovak LTC system
Analýza hodnotenia, dostupnosti riadenia, organizácie a komplexnosti systému dlhodobej starostlivosti na Slovensku.
Na minha lista:
| Autor principal: | |
|---|---|
| Outros Autores: | |
| Formato: | Capítulo de Livro |
| Idioma: | inglês |
| Assuntos: | |
| Tags: |
Sem tags, seja o primeiro a adicionar uma tag!
|
MARC
| LEADER | 00000naa a2200000 4500 | ||
|---|---|---|---|
| 001 | 0125888 | ||
| 005 | 20220504105927.9 | ||
| 041 | 0 | |a eng | |
| 044 | |a SK | ||
| 245 | 1 | 0 | |a Basic overview of Slovak LTC system |c Marek Radvanský, Viliam Páleník |
| 520 | |a Analýza hodnotenia, dostupnosti riadenia, organizácie a komplexnosti systému dlhodobej starostlivosti na Slovensku. | ||
| 610 | 2 | 0 | |a politika sociálna |
| 610 | 2 | 0 | |a starostlivosť o zdravie |
| 610 | 2 | 0 | |a Slovensko |
| 100 | 1 | |a Radvanský, Marek | |
| 700 | 1 | |a Páleník, Viliam | |